Εγκλημα και τιμωρία

Αποθηκεύτηκε σε:
Λεπτομέρειες βιβλιογραφικής εγγραφής
Κύριος συγγραφέας: Dostoyevsky, Fyodor, 1821-1881
Άλλοι συγγραφείς: Πατατζής, Σωτήρης, 1914-1991 (Μεταφραστής)
Μορφή: Βιβλίο
Γλώσσα:Greek
Δημοσίευση: Αθήνα : Γράμματα, 1982.
Σειρά:Λογοτεχνία (Γράμματα) ; 55 ; 56
Θέματα:
Ετικέτες: Προσθήκη ετικέτας
Δεν υπάρχουν, Καταχωρήστε ετικέτα πρώτοι!

MARC

LEADER 00000cam a2200000 i 4500
001 1/54804
008 941103m1982 gr ||| | gre||
035 |a 1994  |c ΒΙΒΛΙΟΘΗΚΗ  |l 10045100 
040 |a GR-MyUA  |b gre  |e AACR2 
041 1 |a gre 
082 0 |a 891.73 
100 1 |a Dostoyevsky, Fyodor,   |d 1821-1881. 
245 1 0 |a Εγκλημα και τιμωρία /   |c Φιοντόρ Ντοστογιέφσκι ; μετάφραση Σωτήρης Παντατζής.  
260 |a Αθήνα :   |b Γράμματα,   |c 1982.  
300 |a 2 τ. ;   |c 21 εκ.  
490 1 |a (Γράμματα/Λογοτεχνία   |v ; 55 ; 56) 
650 0 0 |a Russian fiction. 
700 1 |a Πατατζής, Σωτήρης,   |d 1914-1991,  |e trl 
830 0 |a Λογοτεχνία (Γράμματα)  |v  ; 55 ; 56 
852 |a INST  |b LEMNOS  |e 20130121  |h 891.73 DOS  |p 005600000685  |q 005600000685  |t BK  |y 0  |z ??? 
852 |a INST  |b LEMNOS  |e 20130121  |h 891.73 DOS  |p 005600000685  |q 005600000685  |t BK  |v (Unknown.)τ.1:  |y 0  |z ??? 
852 |a INST  |b SAMOS  |e 19941103  |h 891.73 DOS  |p 005300006657  |q 005300006657  |t BK  |y 0  |z τ.2 
852 |a INST  |b SAMOS  |e 19941103  |h 891.73 DOS  |p 005300006658  |q 005300006658  |t BK  |y 0  |z τ.1 
852 |a INST  |b SAMOS  |e 19941103  |h 891.73 DOS  |p 005300006657  |q 005300006657  |t BK  |v τ.2:  |y 0  |z τ.2 
852 |a INST  |b SAMOS  |e 19941103  |h 891.73 DOS  |p 005300006658  |q 005300006658  |t BK  |v τ.1:  |y 0  |z τ.1 
853 |a INST  |b LEMNOS  |h 891.73 DOS 
853 |a INST  |b SAMOS  |h 891.73 DOS 
909 |a Σ  |b 034778 
909 |a Σ  |b 034779